Une politique à faire peur ! (notice n° 1826563)

détails MARC
000 -LEADER
fixed length control field 02088cam a2200169 4500500
005 - DATE AND TIME OF LATEST TRANSACTION
control field 20260329003650.0
041 ## - LANGUAGE CODE
Language code of text/sound track or separate title fre
042 ## - AUTHENTICATION CODE
Authentication code dc
100 10 - MAIN ENTRY--PERSONAL NAME
Personal name Vignes, Jean
Relator term author
245 00 - TITLE STATEMENT
Title Une politique à faire peur !
260 ## - PUBLICATION, DISTRIBUTION, ETC.
Date of publication, distribution, etc. 2025.<br/>
500 ## - GENERAL NOTE
General note 94
520 ## - SUMMARY, ETC.
Summary, etc. Contexte et enjeux : Les étudiants en santé représentent une population particulièrement exposée au risque d’anxiété, de dépression et d’idées suicidaires. Ces difficultés de santé mentale peuvent impacter l’atteinte d’objectifs pédagogiques en milieu clinique et académique. Or, les enseignants se sentent fréquemment démunis et insuffisamment formés à la prise en charge des difficultés de santé mentale des étudiants en santé.Perspectives : De là est né sur notre initiative, un groupe thématique porté par la SIFEM et lancé lors du Congrès international francophone de pédagogie en sciences de la santé en mai 2025 à Orléans. Ce GT propose d’établir un état des lieux de ces difficultés dans le monde francophone et une évaluation des besoins afin d’établir des recommandations pratiques.
520 ## - SUMMARY, ETC.
Summary, etc. Context and challenges : Health students are a population particularly at risk of anxiety, depression, and suicidal thoughts. These mental health issues can impact the achievement of educational goals in clinical and academic settings. However, teachers often feel helpless and inadequately trained to deal with the mental health issues of health students.Outlook : This led to our initiative to create a thematic group supported by SIFEM, which was launched at the International Francophone Congress on Health Sciences Education in May 2025 in Orléans. This working group aims to assess the current situation in the French-speaking world and evaluate needs in order to develop practical recommendations.
786 0# - DATA SOURCE ENTRY
Note Pratiques, les cahiers de la médecine utopique | 110 | 3 | 2025-08-27 | p. 23-25 | 0337-6400
856 41 - ELECTRONIC LOCATION AND ACCESS
Uniform Resource Identifier <a href="https://stm.cairn.info/revue-pratiques-les-cahiers-de-la-medecine-utopique-2025-3-page-23?lang=fr&redirect-ssocas=7080">https://stm.cairn.info/revue-pratiques-les-cahiers-de-la-medecine-utopique-2025-3-page-23?lang=fr&redirect-ssocas=7080</a>

Pas d'exemplaire disponible.

PLUDOC

PLUDOC est la plateforme unique et centralisée de gestion des bibliothèques physiques et numériques de Guinée administré par le CEDUST. Elle est la plus grande base de données de ressources documentaires pour les Étudiants, Enseignants chercheurs et Chercheurs de Guinée.

Adresse

627 919 101/664 919 101

25 boulevard du commerce
Kaloum, Conakry, Guinée

Réseaux sociaux

Powered by Netsen Group @ 2025